Countries by Highest Mountain - Statistics

General Stats
  • This quiz has been taken 20,033 times
  • The average score is 18 of 25
Answer Stats
m ft Mountain Country % Correct
8848 29029 Mount Everest China | Nepal
100%
5199 17057 Mount Kenya Kenya
91%
3776 12388 Mount Fuji Japan
89%
4810 15781 Mont Blanc France | Italy
88%
5892 19331 Kilimanjaro Tanzania
87%
2919 9577 Mount Olympus Greece
86%
8611 28251 K2 Pakistan
85%
6191 20310 Denali United States
79%
3798 12461 Großglockner Austria
74%
5959 19551 Mount Logan Canada
74%
3724 12218 Aoraki / Mount Cook New Zealand
74%
3700 12139 Gunnbjørn Fjeld Denmark
73%
6960 22835 Aconcagua Argentina
71%
6893 22615 Ojos del Salado Chile
70%
8586 28169 Kangchenjunga India
70%
5642 18510 Mount Elbrus Russia
70%
5137 16854 Mount Ararat Turkey
69%
5636 18491 Volcán Citlaltépetl / Pico de Orizaba Mexico
67%
1345 4413 Ben Nevis United Kingdom
65%
4634 15203 Dufourspitze / Monte Rosa Switzerland
63%
4978 16332 Pico Bolívar Venezuela
63%
2962 9718 Zugspitze Germany
62%
3718 12198 Mount Teide Spain
41%
2864 9396 Triglav Slovenia
28%
3450 11319 Mafadi South Africa
23%
No matching quizzes found
Score Distribution
Percent of People with Each Score
Percentile by Number Answered
Your Score History
You have not taken this quiz